Score 0/47 Timer 15:00
2 Plays Today
Last Line Character % Correct
“I’m Draco Malfoy, I’m Draco, I’m on your side!”Draco Malfoy
96.9%
“Avada Kedavra!”Voldemort
92.8%
“Take my body back, will you? Take my body back to my parents.”Cedric Diggory
91.2%
“Vot…is the point of being an international Quidditch player if all the good-looking girls are taken?”Viktor Krum
88.7%
“You actually are joking, Perce. . . . I don’t think I’ve heard you joke since you were –“Fred Weasley
79.4%
“Have you seen Remus?”Nymphadora Tonks
68.4%
'What will happen to your children when I've killed you? ... When mummy's gone the same way as Freddie?'Bellatrix Lestrange
67.5%
“You’ve been so brave.”Lily Potter
67.2%
“It’s Potter, I tell you, it’s Potter!... Please . . . please . . . give me Luna, just let me have Luna . . . .”Xenophilius Lovegood
65.9%
“Good luck, everyone…See you in about an hour at the Burrow. On the count of three. One . . . two . . . THREE.”Alastor Moody
65.2%
“You – will – never – touch – our – children – again!”Molly Weasley
65%
“Oooh, look, a Blibbering Humdinger!”Luna Lovegood
63.1%
“We are part of you… invisible to anyone else.”Sirius Black
61.7%
“I am sorry too… sorry I will never know him… but he will know why I died and I hope he will understand. I was trying to make a world in which he could live a happier life.'Remus Lupin
60.3%
“I’ll join you when hell freezes over… Dumbledore’s Army!”Neville Longbottom
59.9%
“We did it, we bashed them, wee Potter’s the one; And Voldy’s gone moldy, so now let’s have fun!”Peeves
59.8%
“Don’t try to turn them against each other before they’ve even started school!”Hermione Granger
59.6%
“It’s me. I’m extremely famous.”Ron Weasley
55.9%
“Until the very end.”James Potter
55.3%
“If you’d like to see what the diadem’s supposed to look like, I could take you up to our common room and show you, Harry? Ravenclaw’s wearing it in her statue.”Cho Chang
55.2%
“HARRY – WHERE’S HARRY?”Rubeus Hagrid
54.8%
“I . . . escaped . . . must warn . . . must tell . . . see Dumbledore . . . my son . . . my fault . . . all my fault . . . Bertha . . . dead . . . all my fault . . . my son . . .Bartemius Crouch Sr.
53.5%
“But of course, Harry, it is yours forever, until you pass it on!”Albus Dumbledore
53%
“Tentacula. Devil’s Snare. And Snargaluff pods . . . yes, I’d like to see the Death Eaters fighting those.”Pomona Sprout
51.3%
Last Line Character % Correct
“Harry . . . Potter . . .”Dobby
49%
'Look...at...me.'Severus Snape
46%
“He is dead!”Narcissa Malfoy
44.8%
“Like it hot, scum?”Vincent Crabbe
42%
“Apparently wizards poke their noses in everywhere! … Freak!”Petunia Dursley
40.9%
“He’ll be all right.”Ginny Weasley
39.6%
'Kill me, then, Voldemort! You will not win, you cannot win! The wand will never, ever be yours–'Gellert Grindelwald
38.7%
“He was a real wizard, then? … Killed me, that one did. . . . You fight him, boy. . . .”Frank Bryce
38.6%
“Snape, m-my Lord?”Lucius Malfoy
33.9%
“I know he will.”Harry Potter
31.3%
“My master’s plan worked. He is returned to power and I will be honored by him beyond the dreams of wizards.”Bartemius Crouch Jr.
31.1%
“And let it be noted that Slytherin House played its part! Let our contribution not be forgotten!”Phineas Nigellus Black
27.9%
“Severus . . . please . . . please . . .”Charity Burbage
27%
“That’s her over there, Harry, the young woman with the long hair.”Nearly-Headless Nick
25%
“Seen it? Nobody has seen it in living memory! Long since lost, boy!”Filius Flitwick
24.7%
'I do not know, I never knew, a young man — no — please — PLEASE!'Gregorovitch
23.6%
“ROOKWOOD!”Percy Weasley
23.4%
“Stand away from the door. I am coming in.”Peter Pettigrew
21.2%
“I have more! … More for any who want them! Here –“Sybill Trelawney
20.8%
“Braggarts and rogues, dogs and scoundrels, drive them out, Harry Potter, see them off!”Sir Cadogan
19.8%
“Dunno… See you, Harry.”Dudley Dursley
19.2%
“NO!”Minerva McGonagall
18%
“Are we going or not?... I thought we were on a tight schedule!”Vernon Dursley
16.5%
Remove Ads.
Support Sporcle.
Get the best of Sporcle when you Go Orange. This ad-free experience offers more features, more stats, and more fun while also helping to support Sporcle. Thank you for becoming a member.

You're not logged in!

Compare scores with friends on all Sporcle quizzes.
OR
Log In

Show Comments

Extras

Top Quizzes Today


Score Distribution

Your Account Isn't Verified!

In order to create a playlist on Sporcle, you need to verify the email address you used during registration. Go to your Sporcle Settings to finish the process.

Report this User

Report this user for behavior that violates our Community Guidelines.

Details: